000 01148nam a2200301 i 4500
003 EG-GICUC
005 20260321163121.0
008 260307s1955 ae ||||fr|||| 00| 0 fre d
040 _aEG-GiCUC
_bfre
_cEG-GiCUC
_dEG-GiCUC
_eRda
041 _afre
082 0 4 _221
_a341.84
_bRE . M
092 0 4 _221
099 _aLaw1 12 341.84 RE . M 1955
110 _aRevue Algérienne – Revue de la Faculté de Droit d’Alger
_eAuteur
245 _aLe Mariage Mixte Franco-Musulman /
_cRevue Algérienne – Revue de la Faculté de Droit d’Alger .
264 1 _aAlgeria :
_bRevue Algérienne – Revue de la Faculté de Droit d’Alger ,
_c1955 .
300 _a205 page ;
_c24 cm.
336 _2rda contenu
_a texte
337 _2rda medias
_aOrdinateur
338 _2 transporteur rda
_a Ressource en ligne
500 _aNuméro Spécial, Annales Juridiques, Politiques, Économiques Et Sociales, 1re Année, Nos 3–4, 1955.
546 _aTexte en français
650 _aDroit International Privé
650 _aConflit De Lois
856 4 0 _uhttps://fll.law.cu.edu.eg/fulltext/bks/B12-02910.pdf
905 _a59
942 _2ddc
_n0
_cBK
_e21
999 _c65686
_d65686